000 00782nam a2200253Ia 4500
003 OSt
005 20220923214801.0
006 a|||||r|||| 00| 0
007 ta
008 220922b |||||||| |||| 00| 0 hin d
024 _a172,708
037 _cTextual
040 _aARTS
_cARTS
_bhin
041 _2hin
_ahin
082 _aO152,3NNA,HJ, K2;M2
100 _aनागार्जुन
245 0 _aहीरक जयन्ती
246 _aHīrak jayantī
260 _aदिल्ली
_b आत्माराम एण्ड संस
_c1982
300 _a147पृ.
_ccm.
650 _aहिन्दी साहित्य
_9156264
942 _hO152,3NNA,HJ, K2;M2
_cTEXL
_2CC
999 _c326716
_d326716